Perspektivy zdrojů v rozvoji podniků

Na minha lista:
Detalhes bibliográficos
Autor principal: Halaxa, Vlastimil
Formato: Livro
Idioma:tcheco
Publicado em: Praha Svoboda 1979
Colecção:Ekonomie a společnost
Assuntos:
Tags: Adicionar Tag
Sem tags, seja o primeiro a adicionar uma tag!

MARC

LEADER 00000nam$a2200000$$$4500
001 0050782
005 20240109110005.7
041 0 |a cze 
044 |a CS 
245 1 0 |a Perspektivy zdrojů v rozvoji podniků  |c Vlastimil Halaxa 
264 1 |a Praha  |b Svoboda  |c 1979 
300 |a 325 s. 
490 1 |a Ekonomie a společnost 
830 0 |a Ekonomie a společnost 
610 2 0 |a podnik 
610 2 0 |a rozvoj podniku 
100 1 |a Halaxa, Vlastimil